Joseph de Tarlé Benoît memorandum, (Record no. 41539)
[ view plain ]
| 000 -LEADER | |
|---|---|
| fixed length control field | 01280cpmaa2200289 a 4500 |
| 001 - CONTROL NUMBER | |
| control field | mm 79004466 |
| 003 - CONTROL NUMBER IDENTIFIER | |
| control field | DLC |
| 005 - DATE AND TIME OF LATEST TRANSACTION | |
| control field | 20260227111646.0 |
| 008 - FIXED-LENGTH DATA ELEMENTS--GENERAL INFORMATION | |
| fixed length control field | 800102|||||||||||| fre |
| 010 ## - LIBRARY OF CONGRESS CONTROL NUMBER | |
| LC control number | mm 79004466 |
| 040 ## - CATALOGING SOURCE | |
| Original cataloging agency | DLC |
| Description conventions | dacs |
| Transcribing agency | DLC |
| Modifying agency | DLC |
| 072 #7 - SUBJECT CATEGORY CODE | |
| Subject category code | C |
| Source | lcmd |
| 100 1# - MAIN ENTRY--PERSONAL NAME | |
| Personal name | Tarlé Benoît, Joseph de, |
| Dates associated with a name | active 18th century. |
| 245 00 - TITLE STATEMENT | |
| Title | Joseph de Tarlé Benoît memorandum, |
| Inclusive dates | 1780 August 25. |
| 300 ## - PHYSICAL DESCRIPTION | |
| Extent | 1 |
| Type of unit | item. |
| 506 0# - RESTRICTIONS ON ACCESS NOTE | |
| Terms governing access | Open to research. |
| 520 8# - SUMMARY, ETC. | |
| Summary, etc. | Memorandum pertaining to supplies for French troops under the command of General Rochambeau. |
| 533 ## - REPRODUCTION NOTE | |
| Type of reproduction | Negative photocopy produced with the permission of Walter B. Beals. |
| Place of reproduction | Washington, D.C. : |
| Agency responsible for reproduction | Library of Congress Photoduplication Service, |
| Date of reproduction | 1935. |
| 545 0# - BIOGRAPHICAL OR HISTORICAL DATA | |
| Biographical or historical data | French army officer. |
| 546 ## - LANGUAGE NOTE | |
| Language note | Collection material in French. |
| 580 ## - LINKING ENTRY COMPLEXITY NOTE | |
| Linking entry complexity note | Forms part of: Miscellaneous Manuscripts collection. |
| 600 10 - SUBJECT ADDED ENTRY--PERSONAL NAME | |
| Personal name | Rochambeau, Jean-Baptiste-Donatien de Vimeur, |
| Titles and other words associated with a name | comte de, |
| Dates associated with a name | 1725-1807. |
| 610 10 - SUBJECT ADDED ENTRY--CORPORATE NAME | |
| Corporate name or jurisdiction name as entry element | France. |
| Subordinate unit | Armée |
| General subdivision | Supplies and stores. |
| 651 #0 - SUBJECT ADDED ENTRY--GEOGRAPHIC NAME | |
| Geographic name | United States |
| General subdivision | History |
| Chronological subdivision | Revolution, 1775-1783 |
| General subdivision | Participation, French. |
| 656 #7 - INDEX TERM--OCCUPATION | |
| Occupation | Army officers, French. |
| Source of term | itoamc |
No items available.